| 000 | 00852cam a2200325 a 4500 | ||
|---|---|---|---|
| 001 | 123778 | ||
| 005 | 20230411085948.0 | ||
| 008 | 120925s2012 fr b 000 | fre d | ||
| 016 | 7 | _a427539740 | |
| 020 | _a9782130608141 (br) | ||
| 020 | _a2130608140 (br) | ||
| 035 | _a(CaOOAMICUS)000041990810 | ||
| 040 |
_aCaQQLA _bfre |
||
| 055 | 0 | 0 |
_aHX 266 _bL489m 2012 |
| 082 | 0 | 0 | _a335.4 |
| 100 | 1 |
_aLefebvre, Henri, _d1901-1991. |
|
| 245 | 1 | 3 |
_aLe marxisme / _cHenri Lefebvre. |
| 250 | _a24e éd. | ||
| 260 |
_aParis : _bPresses universitaires de France, _c2012. |
||
| 300 |
_a127 p. ; _c18 cm. |
||
| 490 | 1 |
_aQue sais-je? ; _vno 300. _aPhilosophie |
|
| 504 | _aBibliogr. | ||
| 650 | 0 | _aSocialism. | |
| 650 | 4 | _aMarxismo. | |
| 650 | 4 | _aSocialismo. | |
| 650 | 6 | _aMarxisme. | |
| 650 | 6 | _aSocialisme. | |
| 942 |
_2lcc _cbk |
||
| 946 | _aJaaM | ||
| 999 |
_c110078 _d110078 |
||